UPC Magyarország

Bibliographic Details
Main Author: Szomszéd Izabella
Other Authors: Krasztev Dr. Péter
Format: Final Paper
Kulcsszavak:UPC
Magyarország
Marketingkommunikáció
Távközlés
Telekommunikáció
Online Access:http://dolgozattar.uni-bge.hu/15017

MARC

LEADER 00000nta a2200000 i 4500
001 dolg15017
005 20200327102710.0
008 180502suuuu hu o 000 hun d
040 |a BGE Dolgozattár Repozitórium  |b hun 
041 |a hu 
100 1 |a Szomszéd Izabella 
245 1 0 |a UPC Magyarország  |c Szomszéd Izabella  |h [elektronikus dokumentum] 
516 |a Final_paper 
695 |a UPC 
695 |a Magyarország 
695 |a Marketingkommunikáció 
695 |a Távközlés 
695 |a Telekommunikáció 
700 1 |a Krasztev Dr. Péter  |e ths 
856 4 0 |u http://dolgozattar.uni-bge.hu/15017/1/Szomsz%C3%A9d%20Izabella-Z%C3%A1r%C3%B3dolgozat.pdf  |z Dokumentum-elérés